DİVAN ŞİİRİNDEN SEÇMELER (Record no. 1258907)

MARC details
000 -LEADER
sabit uzunluktaki kontrol alanı 00240nam a22000857a 4500
001 - KONTROL NUMARASI
kontrol alanı 1258907
005 - EN SON İŞLEMİN TARİH VE ZAMANI
kontrol alanı 20260402104551.0
245 00 - ESER / YAZAR
ESER ADI DİVAN ŞİİRİNDEN SEÇMELER
Yazar Adı 100 TEMEL ESER
260 1# - YAYIN, DAĞITIM, VB.
YAYIN EVİ KONYA BÜYÜKŞEHİR BELEDİYESİ KÜLTÜR YAYINLARI
Holdings
Düşüm durumu Kayıp durumu Sınıflandırma Kaynağı veya raf şeması Hasar Durumu Ödünç verilmez Ana kütüphane Geçerli Kütüphane Edinilen tarih Toplam ödünç verme sayısı Tam yer numarası Barkod Son görüntüleme tarihi Fiyatın geçerli olmaya başladığı tarih Koha materyal türü
    Dewey Ondalık Sınıflama     ADNAN HADİYE SÜRMEGÖZ ORTAOKULU ADNAN HADİYE SÜRMEGÖZ ORTAOKULU 02.04.2026   T5 \ 10 1059978605312569 02.04.2026 02.04.2026 Books